Регионална библиотека "Любен Каравелов" - Русе

Популярни четива по философия (Запис номер 134463)

MARC детайли
000 -Лидер
Контролно поле с фиксирана дължина 02021nam a2200409 c 4500
003 - Код на организацията, давaща контролен номер
Контролно поле BLK
005 - Дата и час на последна редакция
Контролно поле 20240227163807.0
008 - Елементи от данни с фиксирана дължина
fixed length control field 180409b bul|||||r ||||||| ||bul||
010 ## - Наследен системен номер
LC control number KNG00140377000
040 ## - Източник на каталожния запис
Идентификатор на билиотеката - собственик на записа BLK
041 ## - Код за език
Код за езика на текст/звукозапис или на отделно заглавие Български
Код за езика КДБФ Български
080 ## - УДК
Текстов определител УДК Онтологически материализъм
УДК код - определител по УДК 141.12
УДК - код + определител 141.12
100 1# - Редна дума - Автор
Автор Богуславски, Вениамин Моисеевич
Авторска отговорност първи автор
R(LIN) 322243
139 ## - Редно поле
Редна дума Популярни четива по философия
Авторски знак Попт - П 78
245 10 - Сведения за заглавието
Заглавие Популярни четива по философия
Редно поле (дума) Вениамин Моисеевич Богуславски; прев. от рус. Найден Константинов; прев. от рус. Петър Иванов; под общ. ред. на В. А. Карпушин.
257 ## - Страна на издаване
Страна на създаване/издаване СССР
260 ## - Област на издателските данни
Място на издаване, разпространение и проч. София
Име на издателя, разпространителя и проч. Нар. младеж
Година на издаване 1975
300 ## - Физическа характеристика
Страници 344 с.
Размери/Мащаб 21 см
380 ## - Жанр
Жанр Философия
490 ## - СЕРИИ (Колекции)
Име на серия В помощ на политическата учебна година на Димитровския комсомол
9 (RLIN) 206517
500 ## - Общи забележки
Забележка Ориг. загл. Популярные чтения по философии. - Други авт.: В. А. Карпушин, А. И. Ракитов, В. Е. Чертихин, Г. И. Езрин. - 6 125 тир.
650 #4 - Допълнително описание по предмет – тема
Основно описание – тема или топоним Марксизъм-ленинизъм - философия
9 (RLIN) 277200
653 ## - Ключова дума – ненормативна
Ключова дума марксизъм
653 ## - Ключова дума – ненормативна
Ключова дума ленинизъм
653 ## - Ключова дума – ненормативна
Ключова дума философия
700 1# - Други автори (авторска отговорност)
Лично име Константинов, Найден
Автороска отговорност (Описва отношението между автора и произведението) прев. от рус.
9 (RLIN) 324421
700 1# - Други автори (авторска отговорност)
Лично име Иванов, Петър
9 (RLIN) 70999
700 1# - Други автори (авторска отговорност)
Лично име Карпушин, В. А.
Автороска отговорност (Описва отношението между автора и произведението) под общ. ред. на
9 (RLIN) 77269
852 ## - Местоположение
Форматна сигнатура Цб 77387
856 4# - Електронен адрес и достъп
Електронен формат pdf - файл
856 4# - Електронен адрес и достъп
Електронен формат pdf - файл
999 ## - СИСТЕМНИ КОНТРОЛНИ НОМЕРА
Koha biblionumber 134463
Koha biblioitemnumber 134463
942 ## - АРТИКУЛИ
Вид на библиотечния материал Книги
Скрит в OPAC Не
Периодичен библиозапис Да
944 ## - СЪЗДАВАНЕ И РЕДАКЦИЯ на ЗАПИСА
Създаване/Редакция Създаване
Дата на регистрацията/редакция 06.03.2013
Статус, дата на статуса Геновева Генчева
Служител, извършил регистрацията/редакцията 30560
944 ## - СЪЗДАВАНЕ И РЕДАКЦИЯ на ЗАПИСА
Създаване/Редакция Редакция
Дата на регистрацията/редакция 06.03.2013
Статус, дата на статуса 06.03.2013 - от С1,Р / 06.03.2013
944 ## - СЪЗДАВАНЕ И РЕДАКЦИЯ на ЗАПИСА
Създаване/Редакция Редакция
Дата на регистрацията/редакция 2022-10-04
Служител, извършил регистрацията/редакцията Христина Везирева
999 ## - СИСТЕМНИ КОНТРОЛНИ НОМЕРА
Koha biblioitemnumber 134463
Наличности
Код за отписване Код за изгубен артикул Източник на класификационната схема Код за повреда Коз за рестрикции Код за отдаване Артикулен № Име на библиотеката - собственик Име на библиотеката, в която се намира в момента Статус (Текущо местоположение) Дата на вписване в системата Местоположение - отдел Цена в лева Инвентарен номер Систематично азбучна сигнатура Баркод Номер на екземпляра Цена в евро Служебна бележка Служебен тип на артикула
  Не е изгубен Universal Decimal Classification Не е повреден без рестрикции ползва се в читалня 219699 Регионална библиотека "Любен Каравелов" Русе Регионална библиотека "Любен Каравелов" Русе Хранилище 1975-01-01 Хранилище 1.08 190250 Цб 77387 120000190250 1 0.55 N: стар фонд Дата: 01.01.1975 Книги
Vip Innovations Ltd, Rousse, Bulgaria 2025